000 01081nam a22003497a 4500
001 BR8502505
003 BR-BrBNA
005 20230928092152.0
007 ta
008 230509b bl.||||| |||| 00| 0 por d
040 _aBR-BrBNA
_bpor
_cBiblioteca Nacional de Agricultura
041 _a(Por)
072 _aF01; L01; E70
_b/G514
090 _ F01 BR8502505
110 1 _aFundacao Centro Estadual de Planejamento Agricola, Salvador, BA (Brasil)
_94810
245 1 _aProposta de acao conjunta - Ministerio da Agricultura. Estado da Bahia - 1985 [producao vegetal, producao animal, abastecimento, comercializacao, Brasil]
260 3 _aSalvador, BA (Brasil):
_c1985.
300 _a70 p.
500 _a41 tables
650 _aPRODUCAO VEGETAL
650 _aABASTECIMENTO
650 _aCOMERCIALIZACAO
650 _aARMAZENAMENTO
650 _aPRODUCAO ANIMAL
650 _aRECURSO ECONOMICO
650 _aADMINISTRACAO
650 _aASSISTENCIA TECNICA
650 _aEXTENSAO RURAL
650 _aBAHIA
909 _a202309
_bLucia
_c55
_dLucia Elande
942 _cBK
999 _c37486
_d37486